Match the TV Show to its Country of Origin Quiz Stats

 Plays Quiz not verified by Sporcle

Score 0/26 Timer 04:00
0 Plays Today
% Correct
USA
95.9%
Mexico
76.6%
Spain
66.9%
Japan
58.8%
Netherlands
56.9%
Turkey
56.6%
Canada
55.6%
Australia
48.4%
Egypt
48.1%
Sweden
47.8%
Argentina
45.6%
Brazil
42.8%
New Zealand
40%
% Correct
Germany
36.9%
Indonesia
35.3%
Norway
27.2%
Italy
24.4%
Greece
21.3%
India
19.1%
Poland
18.4%
France
16.9%
South Africa
16.6%
China
15%
Russia
14.7%
Nigeria
11.6%
South Korea
7.5%

You're not logged in!

Compare scores with friends on all Sporcle quizzes.
OR
Log In

Sporcle TV

Today on Sporcle TV


Watch our educational content, quiz creation guides, and fun videos on Sporcle TV.

Show Comments

Extras

Top Quizzes Today


Score Distribution

Your Account Isn't Verified!

In order to create a playlist on Sporcle, you need to verify the email address you used during registration. Go to your Sporcle Settings to finish the process.

Report this User

Report this user for behavior that violates our Community Guidelines.

Details: